Statistiques concernant Plus grandes îles d'Europe

Cliquez ici pour prendre le quiz!

Statistiques générales

  • Ce quiz a été pris 327 fois
  • Le résultat moyen est 11 sur 26

Statistiques - réponses

Superficie(km2)PaysÎle% Correct
8 722FranceCorse
96%
23 813ItalieSardaigne
95%
25 460ItalieSicile
95%
84 406EIRE, Royaume-UniIrlande
91%
102 828IslandeIslande
88%
8 261GrèceCrète
87%
9 251Chypre, Royaume-UniChypre
85%
216 777Royaume-UniGrande-Bretagne
75%
3 640EspagneMajorque
70%
1 410GrèceRhodes
48%
1 641GrèceLesbos
30%
3 000SuèdeGotland
27%
3 655GrèceEubée
25%
968Royaume-UniMainland
22%
4 685DanemarkVendsyssel-Thy
21%
7 031DanemarkSeeland
20%
1 347SuèdeÖland
14%
3 100DanemarkFionie
13%
1 666Royaume-UniSkye
13%
2 673EstonieÖsel
12%
1 243DanemarkLolland
11%
899Royaume-UniMull
8%
926AllemagneRügen
7%
2 225Royaume-UniLewis-et-Harris
4%
2 205NorvègeHinnøya
2%
1 586NorvègeSenja
2%

Distribution des résultats

Percentile par nombre de réponses

% des personnes avec chaque résultat

Votre développement - résultats

Vous n’avez pas pris ce quiz